My life journey (Record no. 3844)

MARC details
000 -LEADER
fixed length control field 00290nam a22001337a 4500
008 - FIXED-LENGTH DATA ELEMENTS--GENERAL INFORMATION
fixed length control field 250610b |||||||| |||| 00| 0 eng d
020 ## - INTERNATIONAL STANDARD BOOK NUMBER
ISBN 9783548024
100 ## - MAIN ENTRY--AUTHOR
Author Ndeokwelu ike
245 ## - TITLE STATEMENT
Title My life journey
260 ## - PUBLICATION, DISTRIBUTION, ETC. (IMPRINT)
Place of publication NP
Name of publisher NP
300 ## - COLLATION
Pagination 351p
942 ## - ADDED ENTRY ELEMENTS (KOHA)
Item type Books
050 ## - LIBRARY OF CONGRESS CALL NUMBER
Classification number CS 71
Item number .N 34
Holdings
Source of classification or shelving scheme Not for loan Permanent location Current location Date acquired Accession No. Full call number Barcode. Koha item type
Library of Congress Classification   Samuel Ogbemudia Main Library, University of Abuja Samuel Ogbemudia Main Library, University of Abuja 06/10/2025 2023/61262-65 CS 71.N 34 2025-2504 Books
Library of Congress Classification   Samuel Ogbemudia Main Library, University of Abuja Samuel Ogbemudia Main Library, University of Abuja 06/10/2025 2023/61262-65 CS 71.N 34 2025-2505 Books
Library of Congress Classification   Samuel Ogbemudia Main Library, University of Abuja Samuel Ogbemudia Main Library, University of Abuja 06/10/2025 2023/61262-65 CS 71.N 34 2025-2506 Books
Library of Congress Classification   Samuel Ogbemudia Main Library, University of Abuja Samuel Ogbemudia Main Library, University of Abuja 06/10/2025 2023/61262-65 CS 71.N 34 2025-2507 Books
Library of Congress Classification   Samuel Ogbemudia Main Library, University of Abuja Samuel Ogbemudia Main Library, University of Abuja 06/10/2025 2023/61262-65 CS 71.N 34 2025-2508 Books
Library of Congress Classification   Samuel Ogbemudia Main Library, University of Abuja Samuel Ogbemudia Main Library, University of Abuja 06/10/2025 2023/61262-65 CS 71.N 34 2025-2509 Books
Library of Congress Classification   Samuel Ogbemudia Main Library, University of Abuja Samuel Ogbemudia Main Library, University of Abuja 06/10/2025 2023/61262-65 CS 71.N 34 2025-2510 Books